[Event "BCF-chT qual (4NCL)"]
[Site "England"]
[Date "2002.06.03"]
[Round "4"]
[White "Edwards, Raymond B"]
[Black "Winser, Lewis"]
[Result "1/2-1/2"]
[WhiteElo "2076"]
[BlackElo "1704"]
[PlyCount "112"]
[EventDate "2002.06.??"]
[EventType "team"]
[EventRounds "8"]
[EventCountry "ENG"]
[SourceTitle "EXT 2005"]
[Source "ChessBase"]
[SourceDate "2004.11.15"]
[SourceVersion "1"]
[SourceVersionDate "2004.11.15"]
[SourceQuality "1"]
[WhiteTeam "Poisoned Pawns"]
[BlackTeam "Athenaeum"]
[WhiteTeamCountry "ENG"]
[BlackTeamCountry "ENG"]

1. d4 c6 2. c4 g6 3. Nc3 Bg7 4. e4 e6 5. Nf3 d5 6. Be2 Ne7 7. 0-0 b6 8. Bg5 Bb7 9. e5 h6 10. Bh4 g5 11. Bg3 Nf5 12. cxd5 cxd5 13. h3 a6 14. Qd2 Nc6 15. Bh2 Nfe7 16. Rad1 Ng6 17. Ne1 f5 18. exf6 Qxf6 19. Nc2 0-0 20. Na4 Qd8 21. Bg4 e5 22. dxe5 Ncxe5 23. Be6+ Kh8 24. Bxd5 Bxd5 25. Qxd5 Qxd5 26. Rxd5 b5 27. Nc5 Rfc8 28. Ne3 Nc4 29. b3 Nb6 30. Rd6 Rxc5 31. Rxb6 Nf4 32. Rd1 Ra7 33. Rbd6 a5 34. Kf1 Rac7 35. Ng4 Rc1 36. Bxf4 gxf4 37. Rxc1 Rxc1+ 38. Ke2 Rc2+ 39. Rd2 Rc3 40. Nh2 Kh7 41. Nf3 Rc5 42. Kd3 Bc3 43. Rc2 b4 44. Re2 Rc7 45. Re4 Bf6 46. Rc4 Rd7+ 47. Ke4 Re7+ 48. Kf5 Bc3 49. Nd4 Rf7+ 50. Ke4 Rg7 51. Kf3 Rd7 52. Nc6 Rd3+ 53. Kxf4 Rd2 54. Nxa5 Rxf2+ 55. Kg3 Rxa2 56. Nc6 Be1+ 1/2-1/2

[Event "BCF-chT qual (4NCL)"]
[Site "England"]
[Date "2002.06.01"]
[Round "1"]
[White "Winser, Lewis"]
[Black "Jeffries, Majid"]
[Result "0-1"]
[WhiteElo "1704"]
[BlackElo "2020"]
[PlyCount "66"]
[EventDate "2002.06.??"]
[EventType "team"]
[EventRounds "8"]
[EventCountry "ENG"]
[SourceTitle "EXT 2005"]
[Source "ChessBase"]
[SourceDate "2004.11.15"]
[SourceVersion "1"]
[SourceVersionDate "2004.11.15"]
[SourceQuality "1"]
[WhiteTeam "Athenaeum"]
[BlackTeam "Slough"]
[WhiteTeamCountry "ENG"]
[BlackTeamCountry "ENG"]

1. d4 Nf6 2. Nf3 c5 3. d5 d6 4. c4 g6 5. Nc3 Bg7 6. e4 Bg4 7. Be2 Na6 8. h3 Bxf3 9. Bxf3 Nc7 10. 0-0 0-0 11. Re1 a6 12. Rb1 b5 13. b3 Nd7 14. Qc2 Rb8 15. Bb2 bxc4 16. bxc4 Rb4 17. Be2 f5 18. exf5 Rxf5 19. Bd3 Rf8 20. Ne4 Ne5 21. Bc3 Rxb1 22. Rxb1 Qc8 23. Ng3 e6 24. dxe6 Nxe6 25. Bxe5 Bxe5 26. Be4 Bd4 27. Rf1 Nf4 28. Kh1 Nxh3 29. Bd5+ Kg7 30. f3 Nf4 31. Be4 Qd8 32. Nh5+ Nxh5 33. g4 Qh4+ 0-1